Lady Gaga - Chansons commençant par G - Statistiques

Statistiques générales
  • Ce quiz a été pris 11 fois
  • Le résultat moyen est 4 sur 9
Statistiques - réponses
G % Correct
G.U.Y.
75%
Gypsy
75%
Garden of Eden
38%
Gonna Build a Mountain
38%
Goody Goody avec Tony Bennett
38%
Government Hooker
38%
Grigio Girls
38%
Get Happy
25%
Good Morning
25%
Aucun quiz correspondant
Distribution des résultats
% des personnes avec chaque résultat
Percentile par nombre de réponses
Votre historique - résultats
Vous n’avez pas pris ce quiz